| 000 | 02295nam0a2200385 4500 | ||
|---|---|---|---|
| 001 | RU\NLR\BIBL_A\011696391 | ||
| 005 | 20190604123810.0 | ||
| 010 |
_a978-5-91302-164-9 _9207 |
||
| 021 |
_aRU _bКН-П-18-025320 _9КН-П-18-1852 |
||
| 035 | _a(NLR Aleph) 011696391 | ||
| 035 | _a(RuMoRGB)009596368 | ||
| 090 |
_a11365724 _c11365724 |
||
| 100 | _a20180510d2015 k y0rusy50 ca | ||
| 101 | 1 |
_arus _asel _crus |
|
| 102 | _aRU | ||
| 105 | _aachgz|||000zy | ||
| 200 | 1 |
_aОбские напевы селькупов Нарымского края _fВ. П. Тузакова, И. А. Коробейникова _g[перевод с русского языка на нарымский диалект селькупского языка - И.А. Коробейникова, нотирование - В.П. Тузакова] _gЭтнокультурный центр при отделе культуры Администрации Парабельского района Томской Области |
|
| 210 |
_aПарабель _aТомск _cТМЛ-Пресс _cВайар _d2015 |
||
| 215 |
_a152 с. _cил., ноты, портр., цв. ил., факс. _d21 _e1 электрон. опт. диск (CD-ROM) |
||
| 300 | _aНа с. 142 2-й авт.: Коробейникова (Малькова) И.А., | ||
| 320 | _aБиблиогр.: с. 69 | ||
| 606 | 1 |
_aНародные песни селькупские _yТомская область _92404265 _3RU\NLR\AUTH\6601652478 |
|
| 606 | 1 |
_aМузыкальный фольклор селькупский _yТомская область _92412218 _3RU\NLR\AUTH\6601656231 |
|
| 686 | 1 | _aШ3(251.1=С)-631-99 | |
| 686 | 1 | _aЩ313(2Р=Сел)0-99Томская область | |
| 686 | 2 | _aШ6(2=Сел)7-5 | |
| 700 | 1 |
_aТузакова _bВ. П. _f1941- _gВера Петровна |
|
| 701 | 1 |
_7ca _8rus _aКоробейникова _bИ. А. _cспециалист по селькупской культуре _gИрина Анатольевна _9156082 _3RU\NLR\AUTH\770156121 |
|
| 942 | _cBOOK | ||
| 980 | _aNBR | ||
| 980 | _aNB | ||